Most expensive football transfers - Goalkeepers - 2013-2014 Season - Statistics

General Stats
  • This quiz has been taken 15 times
  • The average score is 4 of 10
Answer Stats
Fee (M €) Nationality Left Joined Player % Correct
10,60 Belgium Sunderland Liverpool Simon Mignolet
100%
3,65 Wales Wolverhampton Crystal Palace Wayne Hennessey
71%
5,60 Netherlands AS Roma Fulham Maarten Stekelenburg
64%
8,60 Spain Real Zaragoza Benfica Roberto
43%
6,00 Spain Benfica Atlético Madrid Roberto
43%
4,00 Spain Atlético Madrid Everton Joel Robles
36%
5,00 Brazil / Portugal Santos SSC Napoli Rafael Cabral
14%
7,00 Russia Anzhi Dinamo Moscow Vladimir Gabulov
14%
3,50 China SH Greenland SD luneng Dalei Wang
7%
2,75 Türkiye Trabzonspor Besiktas Tolga Zengin
7%
No matching quizzes found
Score Distribution
Percent of People with Each Score
Percentile by Number Answered
Your Score History
You have not taken this quiz